000 00214nam a22000857a 4500
008 160702b xxu||||| |||| 00| 0 eng d
100 _91884
_aOm Kidz
245 _a365 Bed time stories
260 _aNew Delhi
_bOm Kidz
_c2012
999 _c1586
_d1586